| 000 | 00536nam a22001817a 4500 | ||
|---|---|---|---|
| 003 | 0 | ||
| 005 | 20250108072719.0 | ||
| 008 | 250108b xxu||||| |||| 00| 0 eng d | ||
| 020 | _a979-8-89161-210-5 | ||
| 050 |
_aPN 187 _b.F73 2024 |
||
| 100 |
_aFranco, Greyson _eauthor. |
||
| 245 |
_aCreative writing / _cGreyson Franco. |
||
| 260 |
_aJersey City, USA : _bAlexis Press, LLC, _c2024. |
||
| 300 |
_aviii, 249 p. ; _c24 cm. |
||
| 504 | _aIncludes bibliographical references and index. | ||
| 650 | _aCreative writing. | ||
| 942 |
_2lcc _cBK |
||
| 999 |
_c366924 _d366924 |
||